| 000 | 00350cam a2200145ua 4500 | ||
|---|---|---|---|
| 041 |
_aeng _h |
||
| 082 |
_a928.2 _bBLU/TH |
||
| 100 | _aBlunden, Edmund . | ||
| 245 |
_aThomas Hardy / _cEdmund Blunden. _hTextual Documents |
||
| 260 |
_aLondon : _bMcMillon & Co Ltd , _c1967. |
||
| 300 | _a286 ; . | ||
| 504 | _a | ||
| 942 | _cBK | ||
| 999 |
_c6154 _d6154 |
||